Vstup EÚ do novej vývojovej fázy
Európsky summit v Laekene v decembri 2001 bol dôležitým medzníkom rozširovania EÚ. Najvyšší predstavitelia členských krajín EÚ sa dohodli na Konvente, ktorý analyzuje inštitucionálne nedostatky EÚ a navrhuje štrukturálne zmeny tak, aby boli inštitúcie pripravené na prijatie 10 kandidátskych krajín v...
Saved in:
| Main Author: | |
|---|---|
| Other Authors: | |
| Format: | Book Chapter |
| Language: | Slovak |
| Subjects: | |
| Tags: |
No Tags, Be the first to tag this record!
|
MARC
| LEADER | 00000naa$a2200000$$$4500 | ||
|---|---|---|---|
| 001 | 0007115 | ||
| 005 | 20240502071351.7 | ||
| 041 | 0 | |a slo | |
| 044 | |a SK | ||
| 245 | 1 | 0 | |a Vstup EÚ do novej vývojovej fázy |c Drahoš Šíbl, Zuzana Mogyorosiová |
| 520 | |a Európsky summit v Laekene v decembri 2001 bol dôležitým medzníkom rozširovania EÚ. Najvyšší predstavitelia členských krajín EÚ sa dohodli na Konvente, ktorý analyzuje inštitucionálne nedostatky EÚ a navrhuje štrukturálne zmeny tak, aby boli inštitúcie pripravené na prijatie 10 kandidátskych krajín v roku 2004. Slovenská republika ako spolutvorca budúcej podoby EÚ. | ||
| 610 | 2 | 0 | |a Európska únia |
| 610 | 2 | 0 | |a Slovensko |
| 610 | 2 | 0 | |a summity |
| 610 | 2 | 0 | |a zmeny štruktúrne |
| 610 | 2 | 0 | |a inštitúcia |
| 610 | 2 | 0 | |a spolupráca hospodárska medzinárodná |
| 610 | 2 | 0 | |a deklarácia |
| 610 | 2 | 0 | |a integrácia ekonomická |
| 100 | 1 | |a Šíbl, Drahoš | |
| 700 | 1 | |a Mogyorosiová, Zuzana, 1975- | |